000
00291nam a22001097a 4500
082
_a
355.02 BUC'D
100
_a
NEWBOLT, HENRY,BUCHAIN, JOHN
_9
57638
245
_a
DAYS TO REMEMBER THE BRITISH EMPIRE IN THE GREAT WAR
260
_a
LONDON
_b
THOMAS NELSON
_c
1937
300
_a
200P
942
_c
BK
999
_c
567907
_d
567907